Players in CONMEBOL (Part 1) - Statistics

General Stats
  • This quiz has been taken 6 times
  • The average score is 13 of 16
Answer Stats
Picture Answer % Correct
Alisson
100%
Darwin Núñez
100%
James Rodríguez
100%
Alexis Sánchez
83%
Arturo Vidal
83%
Edinson Cavani
83%
Gonzalo Higuaín
83%
Luis Díaz
83%
Marcelo
83%
Rodrygo
83%
Diego Godín
67%
Éder Gabriel Militão
67%
Federico Valverde
67%
Juan Cuadrado
67%
Leandro Paredes
67%
Mauro Icardi
67%
No matching quizzes found
Score Distribution
Percent of People with Each Score
Percentile by Number Answered
Your Score History
You have not taken this quiz